Dog soldiers (Record no. 1506)

000 -LEADER
fixed length control field 00526nam a22001937a 4500
005 - DATE AND TIME OF LATEST TRANSACTION
control field 20210423064058.0
008 - FIXED-LENGTH DATA ELEMENTS--GENERAL INFORMATION
fixed length control field 210217b1975 ||||| |||| 00| 0 eng d
020 ## - INTERNATIONAL STANDARD BOOK NUMBER
International Standard Book Number 34524558195
040 ## - CATALOGING SOURCE
Transcribing agency DLC
080 ## - UNIVERSAL DECIMAL CLASSIFICATION NUMBER
Universal Decimal Classification number 821.111
Item number S-86
100 ## - MAIN ENTRY--PERSONAL NAME
9 (RLIN) 945
Personal name Stone.Robert
245 ## - TITLE STATEMENT
Title Dog soldiers
Statement of responsibility, etc. Stone.Robert
260 ## - PUBLICATION, DISTRIBUTION, ETC.
Place of publication, distribution, etc. Nev York
Name of publisher, distributor, etc. Balantine books
Date of publication, distribution, etc. 1975
300 ## - PHYSICAL DESCRIPTION
Extent 339 p.:
365 ## - TRADE PRICE
Price type code 1.95 USD
650 #0 - SUBJECT ADDED ENTRY--TOPICAL TERM
9 (RLIN) 247
Topical term or geographic name entry element English literature
653 ## - INDEX TERM--UNCONTROLLED
Uncontrolled term ინგლისური ლიტერატურა
942 ## - ADDED ENTRY ELEMENTS (KOHA)
Source of classification or shelving scheme
Koha item type Books
Holdings
Withdrawn status Lost status Source of classification or shelving scheme Damaged status Not for loan Permanent location Current location Date acquired Inventory number Full call number Barcode Date last seen Price effective from Koha item type
          Ken Walker International University Ken Walker International University 02/17/2021 1981 821.111 S-86 1981 02/17/2021 02/17/2021 Books

Powered by Koha